<?xml version="1.0" encoding="UTF-8"?><?xml-stylesheet type="text/xsl" href="static/style.xsl"?><OAI-PMH xmlns="http://www.openarchives.org/OAI/2.0/" xmlns:xsi="http://www.w3.org/2001/XMLSchema-instance" xsi:schemaLocation="http://www.openarchives.org/OAI/2.0/ http://www.openarchives.org/OAI/2.0/OAI-PMH.xsd"><responseDate>2026-04-14T17:49:48Z</responseDate><request verb="GetRecord" identifier="oai:uvadoc.uva.es:10324/34005" metadataPrefix="marc">https://uvadoc.uva.es/oai/request</request><GetRecord><record><header><identifier>oai:uvadoc.uva.es:10324/34005</identifier><datestamp>2021-06-29T23:19:54Z</datestamp><setSpec>com_10324_38</setSpec><setSpec>col_10324_852</setSpec></header><metadata><record xmlns="http://www.loc.gov/MARC21/slim" xmlns:doc="http://www.lyncode.com/xoai" xmlns:xsi="http://www.w3.org/2001/XMLSchema-instance" xmlns:dcterms="http://purl.org/dc/terms/" xsi:schemaLocation="http://www.loc.gov/MARC21/slim http://www.loc.gov/standards/marcxml/schema/MARC21slim.xsd">
<leader>00925njm 22002777a 4500</leader>
<datafield tag="042" ind1=" " ind2=" ">
<subfield code="a">dc</subfield>
</datafield>
<datafield tag="720" ind1=" " ind2=" ">
<subfield code="a">Antón Hurtado, Carmen</subfield>
<subfield code="e">author</subfield>
</datafield>
<datafield tag="260" ind1=" " ind2=" ">
<subfield code="c">2018</subfield>
</datafield>
<datafield tag="520" ind1=" " ind2=" ">
<subfield code="a">En este trabajo se va a realizar un análisis económico-financiero del sector hotelero en España, tomando como referencia NH Hotel Group S.A, obteniendo la información de los organismos que el estado ofrece a los ciudadanos y de los conocimientos adquiridos durante los años de carrera y mediante su uso y comparación interpretar la situación en la que se encuentra la compañía de manera individual centrándonos en el Estado de Flujos de Efectivo (EFE) a través del análisis de los flujos que lo componen (explotación, inversión y financiación). Seguidamente se va a llevar a cabo un análisis de las ratios más representativas como son solvencia, liquidez, endeudamiento, rentabilidad o apalancamiento financiero. Finalmente se va a comparar a la empresa con el sector mediante el uso de las ratios sectoriales que se obtienen de la Central de Balances del Banco de España (CBBE) y las mismas para la empresa para conocer la posición que ocupa en dicho sector.&#xd;
Los códigos JEL (Journal of Economic Literature) que se han tenido en cuenta son los siguientes: M41: Contabilidad, G12: Valoración de activos financieros, Y10: Datos: Tablas y gráficos.</subfield>
</datafield>
<datafield tag="520" ind1=" " ind2=" ">
<subfield code="a">In this work I am going to do a economic and financial analysis of the hotel sector in Spain, taking NH Hotel Group S.A as the reference, obtaining the necessary information from the organisms that the State offers to citizens and the knowledge gained during the studies in the university and using and comparing and it to know how the company is individualy, using the “Cash Flow Status” and all of the components. Secondly I am going to do an analysis of the most relevant ratios like solvency, financial, liquidity, debt, leverage…&#xd;
Finally it is necessary to do a comparation between the company an the sector using que sector ratios provided by the Banco de España's Central Balance Sheet Data Office and the same for NH Hotel Group S.A to know the position in this sector.</subfield>
</datafield>
<datafield tag="024" ind2=" " ind1="8">
<subfield code="a">http://uvadoc.uva.es/handle/10324/34005</subfield>
</datafield>
<datafield ind1=" " ind2=" " tag="653">
<subfield code="a">Hoteles</subfield>
</datafield>
<datafield ind1=" " ind2=" " tag="653">
<subfield code="a">Análisis financiero</subfield>
</datafield>
<datafield ind1=" " ind2=" " tag="653">
<subfield code="a">Estados financieros</subfield>
</datafield>
<datafield tag="245" ind1="0" ind2="0">
<subfield code="a">Análisis económico-financiero del sector hotelero en España: NH hotel group S.A</subfield>
</datafield>
</record></metadata></record></GetRecord></OAI-PMH>